Optimalizácia zloženia biodegradovateľných zmesí z obnoviteľných zdrojov surovín pre výrobu ekologických štetín na zubné kefky

Saved in:
Bibliographic Details
Main Author: Suchánková, Henrieta (Author)
Other Authors: Alexy, Pavel (Thesis advisor)
Format: Manuscript Book
Language:Slovak
Published: 2024
Subjects:
Online Access:http://is.stuba.sk/zp/portal_zp.pl?podrobnosti=168705
Tags: Add Tag
No Tags, Be the first to tag this record!

MARC

LEADER 00000ntm a22000003a 4500
001 stuzp99563
003 SK-STU
005 20240622211034.1
007 ta
008 150427s2015----xo-----f-mn---000-0-slo-d
040 |a STU  |b slo 
041 0 |a slo 
100 1 |a Suchánková, Henrieta  |u 049370  |4 aut  |U FCHPT Ústav prírodných a syntetických polymérov  |T FCHPT Oddelenie plastov, kaučuku a vlákien  |X 115973  |U C9370  |Y 128  |7 115973 
242 0 1 |a Optimization of the composition of biodegradable mixtures from renewable sources of raw materials for the production of ecological toothbrush bristles  |y eng 
245 1 0 |a Optimalizácia zloženia biodegradovateľných zmesí z obnoviteľných zdrojov surovín pre výrobu ekologických štetín na zubné kefky 
260 |c 2024 
650 4 |a vlákna  |2 slo 
650 4 |a kyselina polymliečna  |2 slo 
650 4 |a polyhydroxyalkanoáty  |2 slo 
650 4 |a polyhydroxybutyrát  |2 slo 
650 4 |a polyhydroxyalkanoates  |2 eng 
650 4 |a polyhydroxybutyrate  |2 eng 
650 4 |a fibers  |2 eng 
650 4 |a polylactic acid  |2 eng 
700 1 |a Alexy, Pavel  |u 049370  |k Z1  |4 ths  |U FCHPT Ústav prírodných a syntetických polymérov  |T FCHPT Oddelenie plastov, kaučuku a vlákien  |X 3899  |U C9370  |Y 128  |7 A000003899 
856 4 |u http://is.stuba.sk/zp/portal_zp.pl?podrobnosti=168705